La Reforma Educativa en México. ¿Nuevas reglas para las ies?

Tallennettuna:
Bibliografiset tiedot
Päätekijä: Flores Crespo, Pedro (autor)
Muut tekijät: García García, César (autor) (autor)
Aineistotyyppi: Kirja
Kieli:espanja
Aiheet:
Linkit:Ver documento en línea
Tagit: Lisää tagi
Ei tageja, Lisää ensimmäinen tagi!

MARC

LEADER 00000nam^a2200000^u^4500
001 000533999
005 20260413000000.0
008 160225s10001000^^^^cr^^r^^^^^000^0^spa^d
009 20260413195119.68
022 |a 01852760 
035 |a FCE 000078247 
037 |a Acervo ITESO - Biblioteca 
041 |a spa 
095 |a REVISTA DE LA EDUCACION SUPERIOR (PDF)  |b 172/2014 
100 |a Flores Crespo, Pedro  |e (autor) 
245 1 4 |a La Reforma Educativa en México. ¿Nuevas reglas para las ies? 
264 |a México :  |b ANUIES,  |c 2014. 
300 |a pp. 9-31 
336 |a texto  |b txt  |2 rdacontenido 
337 |a sin mediación  |b n  |2 rdamedio 
338 |a volumen  |b nc  |2 rdasoporte 
649 |a XX 
650 |a Bachillerato 
650 |a Calidad 
650 |a Reforma educativa 
650 |a Evaluación 
650 |a México 
740 |g no. 172, oct.-dic. 2014, pp. 9-31  |t Revista de la Educación Superior, 
700 |a García García, César  |e (autor) 
856 4 0 |u https://resu.anuies.mx/archives/revistas/Revista172_S3A1ES.pdf  |y Ver documento en línea 
910 |a Fondo Centro de Estudios Educativos 
920 |a Impresos - Libros 
930 |a Fondos Especiales 
905 |a 133 
902 |a https://opac.biblio.iteso.mx/vufind/Record/000533999